[Event "Sarajevo Bosna op 49th"]
[Site "Sarajevo"]
[Date "2019.04.30"]
[Round "6"]
[White "Culum, Sanjin"]
[Black "Lakota, Izet"]
[Result "1-0"]
[WhiteElo "1864"]
[BlackElo "1750"]
[PlyCount "91"]
[EventDate "2019.04.27"]
[EventType "swiss"]
[EventRounds "9"]
[EventCountry "BIH"]
[SourceTitle "CBM 190 Extra"]
[Source "ChessBase"]
[SourceDate "2019.07.15"]
[SourceVersion "1"]
[SourceVersionDate "2019.07.15"]
[SourceQuality "1"]

1. d4 d5 2. Nf3 g6 3. g3 Bg7 4. Bg2 c6 5. 0-0 Nf6 6. c4 0-0 7. Nc3 dxc4 8. Ne5 Nbd7 9. Nxc4 Nb6 10. Ne5 Nbd5 11. Qc2 Nb4 12. Qd1 Be6 13. a3 Nbd5 14. Qc2 Rc8 15. Rd1 Qa5 16. Bd2 Nxc3 17. bxc3 Nd7 18. Nd3 Bc4 19. Rdb1 Qc7 20. Bf4 Bxd3 21. exd3 e5 22. dxe5 Bxe5 23. Bxe5 Nxe5 24. d4 Nd7 25. a4 b6 26. a5 Rfe8 27. Qb3 Kg7 28. Bf3 Qd6 29. axb6 axb6 30. Ra7 Rc7 31. Qa4 Rec8 32. Ra6 f5 33. Rd1 Qe6 34. d5 cxd5 35. Qd4+ Qf6 36. Qxd5 Qxc3 37. Kg2 Rb8 38. Raa1 Nf6 39. Qe6 Qc4 40. Qe5 Re8 41. Qb2 Qe6 42. Ra3 Rb8 43. Re3 Qf7 44. Rd6 Re7 45. Rxf6 Qxf6 46. Rxe7+ 1-0

[Event "Sarajevo Bosna op 49th"]
[Site "Sarajevo"]
[Date "2019.04.27"]
[Round "1"]
[White "Lakota, Izet"]
[Black "Maksimovic, Bojan"]
[Result "1/2-1/2"]
[WhiteElo "1750"]
[BlackElo "2288"]
[PlyCount "104"]
[EventDate "2019.04.27"]
[EventType "swiss"]
[EventRounds "9"]
[EventCountry "BIH"]
[SourceTitle "CBM 190 Extra"]
[Source "ChessBase"]
[SourceDate "2019.07.15"]
[SourceVersion "1"]
[SourceVersionDate "2019.07.15"]
[SourceQuality "1"]

1. e4 g6 2. Nf3 Bg7 3. d4 d6 4. h3 Nf6 5. Nc3 0-0 6. Bd3 Nc6 7. a3 e5 8. dxe5 dxe5 9. 0-0 h6 10. Be3 Be6 11. Bb5 Nd7 12. Bxc6 bxc6 13. b4 Qe7 14. Rb1 a5 15. Qc1 axb4 16. axb4 Kh7 17. Rd1 Rfb8 18. b5 cxb5 19. Nxb5 Nc5 20. Nc3 Rxb1 21. Qxb1 Na4 22. Nxa4 Rxa4 23. Nd2 h5 24. Qb5 Ra2 25. c4 f6 26. Qb3 Ra8 27. Nb1 Qf7 28. Rc1 f5 29. exf5 gxf5 30. f3 f4 31. Bd2 Qg6 32. Kh1 Rg8 33. Qd1 e4 34. fxe4 Bb2 35. Qf3 Bxc1 36. Bxc1 Bxc4 37. Bxf4 Qf7 38. Nd2 Be6 39. Qe3 c5 40. Nf3 c4 41. Ng5+ Rxg5 42. Bxg5 Qg7 43. h4 Qa1+ 44. Kh2 Qe5+ 45. Qf4 Qxf4+ 46. Bxf4 c3 47. Kg3 Kg6 48. Be5 c2 49. Bb2 Bg4 50. Kf4 Kf7 51. Ke3 Ke6 52. Kd2 Bd1 1/2-1/2

[Event "Sarajevo Bosna op 48th"]
[Site "Sarajevo"]
[Date "2018.05.08"]
[Round "5"]
[White "Lakota, Izet"]
[Black "Mahmutagic, Mevlida"]
[Result "1-0"]
[WhiteElo "1761"]
[BlackElo "1538"]
[PlyCount "25"]
[EventDate "2018.05.05"]
[EventType "swiss"]
[EventRounds "9"]
[EventCountry "BIH"]
[SourceTitle "CBM 184 Extra"]
[Source "ChessBase"]
[SourceDate "2018.06.28"]
[SourceVersion "1"]
[SourceVersionDate "2018.06.28"]
[SourceQuality "1"]

1. e4 c5 2. g3 Nf6 3. Bg2 e5 4. c3 Nc6 5. Ne2 d6 6. d4 cxd4 7. cxd4 Bg4 8. f3 Be6 9. d5 Bxd5 10. exd5 Qa5+ 11. Nbc3 Nxd5 12. Qxd5 Qa6 13. 0-0 1-0

[Event "Sarajevo Bosna op 48th"]
[Site "Sarajevo"]
[Date "2018.05.05"]
[Round "1"]
[White "Lakota, Izet"]
[Black "Eric, Jovana"]
[Result "0-1"]
[WhiteElo "1761"]
[BlackElo "2301"]
[PlyCount "56"]
[EventDate "2018.05.05"]
[EventType "swiss"]
[EventRounds "9"]
[EventCountry "BIH"]
[SourceTitle "CBM 184 Extra"]
[Source "ChessBase"]
[SourceDate "2018.06.28"]
[SourceVersion "1"]
[SourceVersionDate "2018.06.28"]
[SourceQuality "1"]

1. e4 c5 2. Nf3 d6 3. h3 a6 4. b3 Nf6 5. Nc3 g6 6. Bb2 Bg7 7. Ne2 0-0 8. Ng3 e5 9. d3 Nc6 10. c3 d5 11. exd5 Nxd5 12. Be2 Nf4 13. 0-0 h5 14. Qc2 Be6 15. Rfd1 Bd5 16. Ne4 b6 17. Bf1 Qd7 18. Bc1 Rad8 19. d4 Qf5 20. Nfd2 exd4 21. f3 dxc3 22. Nc4 Nd4 23. Qf2 Nxh3+ 24. gxh3 Nxf3+ 25. Kh1 Bxe4 26. Be3 c2 27. Rxd8 Rxd8 28. Rc1 Rd1 0-1

[Event "Sarajevo Bosna op 45th"]
[Site "Sarajevo"]
[Date "2015.06.04"]
[Round "8"]
[White "Can, Isil"]
[Black "Lakota, Izet"]
[Result "1/2-1/2"]
[WhiteElo "1692"]
[BlackElo "1790"]
[PlyCount "96"]
[EventDate "2015.05.30"]
[EventType "swiss"]
[EventRounds "9"]
[EventCountry "BIH"]
[SourceTitle "CBM 166 Extra"]
[Source "ChessBase"]
[SourceDate "2015.06.18"]
[SourceVersion "1"]
[SourceVersionDate "2015.06.18"]
[SourceQuality "1"]

1. e4 d5 2. exd5 Qxd5 3. Nc3 Qd8 4. d4 g6 5. Nf3 Bg7 6. Be3 Nf6 7. Bc4 Nc6 8. 0-0 0-0 9. Qd2 Bg4 10. Be2 a6 11. Rfe1 Re8 12. Ne5 Bd7 13. Rad1 Qc8 14. Bf3 Rd8 15. Bxc6 Bxc6 16. Bh6 Bxh6 17. Qxh6 Ng4 18. Nxc6 Nxh6 19. Nxe7+ Kg7 20. Nxc8 Raxc8 21. Ne4 b6 22. c3 Rd7 23. Ng3 Ng8 24. Rd3 Rcd8 25. Rde3 Kf8 26. Ne4 h6 27. Kf1 Rd5 28. g4 f5 29. Rf3 Ne7 30. Ng3 c5 31. gxf5 gxf5 32. Ne2 cxd4 33. Nxd4 R8d6 34. Rfe3 Ng6 35. Re6 Nh4 36. Rxd6 Rxd6 37. Re5 Rf6 38. f3 Kf7 39. Kf2 Ng6 40. Ne2 Rd6 41. Nd4 Kf6 42. Re8 Kf7 43. Re5 Kf6 44. Re8 Kf7 45. Rc8 Ne5 46. Ke2 f4 47. Rc7+ Kf8 48. b3 Rg6 1/2-1/2

[Event "Sarajevo Bosna op 45th"]
[Site "Sarajevo"]
[Date "2015.05.31"]
[Round "2"]
[White "Sinanovic, Ermin"]
[Black "Lakota, Izet"]
[Result "1-0"]
[WhiteElo "1930"]
[BlackElo "1790"]
[PlyCount "73"]
[EventDate "2015.05.30"]
[EventType "swiss"]
[EventRounds "9"]
[EventCountry "BIH"]
[SourceTitle "CBM 166 Extra"]
[Source "ChessBase"]
[SourceDate "2015.06.18"]
[SourceVersion "1"]
[SourceVersionDate "2015.06.18"]
[SourceQuality "1"]

1. e4 d5 2. exd5 Qxd5 3. Nc3 Qd8 4. d4 g6 5. Nf3 Bg7 6. Bf4 Bg4 7. d5 Nf6 8. h3 Bc8 9. Bc4 a6 10. a4 b6 11. Ne5 0-0 12. 0-0 Bb7 13. Re1 Nfd7 14. Ng4 h5 15. Nh6+ Kh7 16. Nf5 gxf5 17. Qxh5+ Kg8 18. Re3 Nf6 19. Qxf5 Bc8 20. Qg5 Nh7 21. Qg3 Bf5 22. Bxc7 Qd7 23. Rae1 Re8 24. Bxb6 Bxc2 25. Bd4 f6 26. Bc5 Qc8 27. Rxe7 Rxe7 28. Rxe7 Ng5 29. Rc7 Qe8 30. h4 Nd7 31. hxg5 fxg5 32. d6+ Kh8 33. Qh3+ Bh7 34. Rxd7 Qe1+ 35. Bf1 Qe5 36. Qe3 Qf6 37. Rxg7 1-0

[Event "Bihac-chT1"]
[Site "Bihac"]
[Date "2014.08.25"]
[Round "4"]
[White "Markovic, Dino"]
[Black "Lakota, Izet"]
[Result "1-0"]
[WhiteElo "1713"]
[BlackElo "1806"]
[PlyCount "48"]
[EventDate "2014.08.23"]
[EventType "swiss"]
[EventRounds "9"]
[EventCountry "BIH"]
[SourceTitle "EXT 2015"]
[Source "ChessBase"]
[SourceDate "2014.11.20"]
[SourceVersion "1"]
[SourceVersionDate "2014.11.20"]
[SourceQuality "1"]

1. d4 d5 2. c4 c6 3. Nc3 Nf6 4. Nf3 h6 5. cxd5 Nxd5 6. e4 Nxc3 7. bxc3 Bg4 8. Bc4 e6 9. 0-0 Bd6 10. h3 Bh5 11. Rb1 Qc7 12. e5 Be7 13. Bd3 0-0 14. g4 Bg6 15. Bxg6 fxg6 16. Kg2 c5 17. Qb3 b6 18. Qxe6+ Kh7 19. d5 Na6 20. c4 Nb4 21. a3 Nd3 22. d6 Qb7 23. Qd5 Qxd5 24. cxd5 Bxd6 1-0

[Event "Sarajevo Bosna op-B 44th"]
[Site "Sarajevo"]
[Date "2014.06.06"]
[Round "9"]
[White "Sitnic, Adnan"]
[Black "Lakota, Izet"]
[Result "1-0"]
[WhiteElo "1985"]
[BlackElo "1834"]
[PlyCount "37"]
[EventDate "2014.05.30"]
[EventType "swiss"]
[EventRounds "9"]
[EventCountry "BIH"]
[SourceTitle "CBM 160 Extra"]
[Source "ChessBase"]
[SourceDate "2014.07.01"]
[SourceVersion "1"]
[SourceVersionDate "2014.07.01"]
[SourceQuality "1"]

1. e4 g6 2. f4 Bg7 3. Nf3 d5 4. exd5 Qxd5 5. Nc3 Bxc3 6. bxc3 Qe4+ 7. Be2 Qxf4 8. 0-0 Be6 9. d4 Qd6 10. Ne5 f6 11. Bf4 Qa3 12. Qe1 fxe5 13. Bxe5 Nf6 14. Bxf6 exf6 15. Bb5+ Kf7 16. Rxf6+ Kxf6 17. Qe5+ Ke7 18. Re1 Qd6 19. Qg7+ 1-0

[Event "Sarajevo Bosna op-B 44th"]
[Site "Sarajevo"]
[Date "2014.06.02"]
[Round "5"]
[White "Lakota, Izet"]
[Black "Markovic, Dino"]
[Result "1/2-1/2"]
[WhiteElo "1834"]
[BlackElo "1661"]
[PlyCount "85"]
[EventDate "2014.05.30"]
[EventType "swiss"]
[EventRounds "9"]
[EventCountry "BIH"]
[SourceTitle "CBM 160 Extra"]
[Source "ChessBase"]
[SourceDate "2014.07.01"]
[SourceVersion "1"]
[SourceVersionDate "2014.07.01"]
[SourceQuality "1"]

1. e4 e6 2. Nf3 d5 3. exd5 exd5 4. Be2 Nf6 5. 0-0 Bd6 6. h3 0-0 7. d4 c6 8. c3 h6 9. Bd3 Ne4 10. Re1 Re8 11. Nh2 Bxh2+ 12. Kxh2 Nxf2 13. Rxe8+ Qxe8 14. Qe2 Ne4 15. Bf4 Bf5 16. Nd2 Nd7 17. Re1 Ndf6 18. Qf3 Qd7 19. Nf1 Re8 20. Be5 Bh7 21. Ng3 b5 22. Qf4 Nxg3 23. Qxg3 Bxd3 24. Bxf6 Bg6 25. Rxe8+ Qxe8 26. Be5 f6 27. Bb8 a5 28. Qd6 Be4 29. Bc7 a4 30. a3 Qg6 31. g4 h5 32. Qxc6 hxg4 33. Qe6+ Qf7 34. Qxf7+ Kxf7 35. hxg4 g5 36. Bd8 Kg6 37. Kg3 f5 38. Kh3 Bf3 39. gxf5+ Kxf5 40. Kg3 g4 41. Be7 Ke4 42. Bd6 Kd3 43. Bb4 1/2-1/2

[Event "Sarajevo Bosna op-B 42nd"]
[Site "Sarajevo"]
[Date "2012.05.10"]
[Round "8"]
[White "Lakota, Izet"]
[Black "Muhic, Nagib"]
[Result "0-1"]
[WhiteElo "1821"]
[BlackElo "2206"]
[PlyCount "98"]
[EventDate "2012.05.05"]
[EventType "swiss"]
[EventRounds "9"]
[EventCountry "BIH"]
[SourceTitle "CBM 148 Extra"]
[Source "ChessBase"]
[SourceDate "2012.06.22"]
[SourceVersion "1"]
[SourceVersionDate "2012.06.22"]
[SourceQuality "1"]

1. e4 c5 2. Nf3 Nc6 3. b3 d6 4. h3 e5 5. Bb5 a6 6. Bxc6+ bxc6 7. 0-0 Nf6 8. d3 a5 9. a4 g6 10. Bg5 Bg7 11. Nbd2 h6 12. Bh4 g5 13. Bg3 Nh7 14. Nh2 0-0 15. Nc4 f5 16. exf5 Bxf5 17. Rb1 Nf6 18. f3 Nd5 19. Qe1 h5 20. Ne3 Be6 21. Nc4 Bf7 22. Qd2 Kh7 23. Rfe1 Bh6 24. Bf2 Bg6 25. Ne3 Nf4 26. Bg3 Ne6 27. Nhf1 Nd4 28. Qc3 Ra7 29. Nc4 Bg7 30. Qd2 Rxf3 31. Bf2 Rf4 32. Be3 Bh6 33. Bxf4 gxf4 34. Qd1 f3 35. gxf3 Qg5+ 36. Kh1 Qh4 37. c3 Qxh3+ 38. Nh2 Bf4 39. Rb2 Nf5 40. Rg2 Nh4 41. Reg1 d5 42. Nb2 Rf7 43. d4 cxd4 44. cxd4 e4 45. Qc2 Bf5 46. Qf2 Nxf3 47. Rg3 Qxh2+ 48. Qxh2 Nxh2 49. Rc3 e3 0-1

[Event "Sarajevo Bosna op 41st"]
[Site "Sarajevo"]
[Date "2011.05.04"]
[Round "2"]
[White "Hadzovic, Amir"]
[Black "Lakota, Izet"]
[Result "1-0"]
[WhiteElo "2143"]
[BlackElo "1838"]
[PlyCount "79"]
[EventDate "2011.05.03"]
[EventType "swiss"]
[EventRounds "9"]
[EventCountry "BIH"]
[SourceTitle "CBM 142 Extra"]
[Source "ChessBase"]
[SourceDate "2011.06.27"]
[SourceVersion "1"]
[SourceVersionDate "2011.06.27"]
[SourceQuality "1"]

1. e4 e5 2. d4 exd4 3. Qxd4 Nc6 4. Qe3 g6 5. Nc3 Bg7 6. Bd2 d6 7. Bc4 Be6 8. Bb5 Bd7 9. f4 a6 10. Bd3 Nge7 11. Nf3 b5 12. 0-0-0 Nb4 13. Nd5 Nbxd5 14. exd5 0-0 15. c4 bxc4 16. Bxc4 Bb5 17. Qd3 Rb8 18. Nd4 Bxc4 19. Qxc4 Qd7 20. Bc3 Rfc8 21. Nc6 Nxc6 22. dxc6 Qe6 23. Qxe6 fxe6 24. Rd3 Rb6 25. Bxg7 Kxg7 26. Rc3 Re8 27. Rd1 Kf6 28. b3 Re7 29. Kd2 e5 30. Rf1 e4 31. Ke3 d5 32. Rc5 Rb5 33. Rc2 Rb4 34. Rd1 Ke6 35. Rc5 Rb5 36. Rdxd5 Rxc5 37. Rxc5 Kd6 38. Ra5 Kxc6 39. Rxa6+ Kb5 40. Ra4 1-0